• 首页
  • 本馆介绍
  • 公告通知
  • 最新文献
  • 馆藏检索
  • 电子资源
  • 读者导购
  • 参考咨询
  • 我的图书馆
  • 登录
  • 详细信息显示
  • 放入我的书架
  • 预约/预借图书
  • 作者相关作品
  • 分类相关作品
  • 丛书相关作品
  • 出版社相关作品

书目信息

  • 表格格式
  • 工作单格式
  • 卡片格式
书名: THE COMPLETE BOOK OF SEWING
作者: BY CONSTANCE TALBOT.
分册号:
分册名:
出版地: NEW YORK :
 
出版社: GARDEN CITY PUBLISHING CO.,INC
出版时间: 1943.
页数: 319 p. ;
开本: 23cm.
丛书名:
中图分类号:
科图分类号:
其他分类号: TS94
主题词:
电子资源:
000 00459nam 2200145 a 4500
001 E0729704901
005 20070515081801.84
008 070515s1943 00010 eng
040    @aPFT@beng
090    @aTS94
099    @dTS94@ex17
245    @aTHE COMPLETE BOOK OF SEWING :@bdressmaking and sewing for the home made easy / @cBY CONSTANCE TALBOT.
260    @aNEW YORK :@bGARDEN CITY PUBLISHING CO.,INC.,@c1943.
300    @a319 p. ;@c23cm.
700    @aBY TALBOT,CONSTANCE
    
    THE COMPLETE BOOK OF SEWING : : dressmaking and sewing for the home made easy / / BY CONSTANCE TALBOT.-NEW YORK : : GARDEN CITY PUBLISHING CO.,INC., , 1943.
    319 p. ; ; 23cm.
    
    
    ISBN
    
●
相关链接 在E读中查询图书 在五车中查询图书 在当当中查询图书 在豆瓣中查询图书


正题名:THE COMPLETE BOOK OF SEWING     索取号:TS94/x17         预约/预借

序号 登录号 条形码 馆藏地/架位号 状态 备注
1 9116   300091166   第二样本阅览室/ [索取号:TS94/x17] 在馆    
唐山师范学院图书馆 欢迎您!
大连网信软件有限公司© 版权所有